| 000 | 00000cam 2200000zi 4500 |
| 001 | 9.963092 |
| 003 | CaOODSP |
| 005 | 20260526150459 |
| 006 | m o d f |
| 007 | cr bn||||||||| |
| 008 | 260526e200011##onc obf f000 0 fre d |
| 040 | |aCaOODSP|bfre|erda|cCaOODSP |
| 043 | |an-cn--- |
| 086 | 1 |aT52-4/291-2000F-PDF |
| 245 | 00|aAviation commerciale et d'affaires : |bmanuel d'inspection et de vérification (listes de vérification). |
| 250 | |a1re édition. |
| 264 | 1|a[Ottawa] : |bTransports Canada = Transport Canada, |cnovembre 2000. |
| 300 | |a1 ressource en ligne (171 pages) |
| 336 | |atexte|btxt|2rdacontent/fre |
| 337 | |ainformatique|bc|2rdamedia/fre |
| 338 | |aressource en ligne|bcr|2rdacarrier/fre |
| 500 | |aPublié aussi en anglais sous le titre : Commercial and Business Aviation inspection and audit (checklists) manual. |
| 500 | |a« TP 13750F (10/2000). » |
| 500 | |a« 1re Édition - novembre 2000 » -- Page 5. |
| 504 | |aComprend des références bibliographiques. |
| 520 | |a« Le présent manuel renferme la politique et les procédures qui s'appliquent spécifiquement à l'exécution des inspections et vérifications au sein de la direction de l'aviation commerciale et d'affaires. Le contenu du présent manuel complète la politique et les procédures fournies dans le manuel des vérifications réglementaires (TP 8606F). Les inspections et les vérifications sont des éléments clés du programme de surveillance réglementaire de l'aviation commerciale et d'affaires. Afin d'exécuter leurs tâches de façon uniforme et juste, il est essentiel que les inspecteurs ACA respectent la politique et les procédures décrites dans le présent manuel » -- Avant-propos. |
| 610 | 16|aCanada. |bAviation commerciale et d'affaires|xFonctionnaires|vGuides, manuels, etc. |
| 650 | 6|aTransports aériens|zCanada|xÉvaluation|vGuides, manuels, etc. |
| 650 | 6|aTransports aériens|zCanada|xAudit|vGuides, manuels, etc. |
| 655 | 7|aGuides et manuels|2rvmgf |
| 710 | 1 |aCanada. |bTransports Canada, |eorganisme de publication. |
| 775 | 08|tCommercial and Business Aviation inspection and audit (checklists) manual.|w(CaOODSP)9.961582 |
| 856 | 40|qPDF|s504 Ko|uhttps://publications.gc.ca/collections/collection_2026/tc/T52-4-291-2000-fra.pdf |
| 856 | 4 |qHTML|sS.O.|uhttps://tc.canada.ca/fr/aviation/publications/aviation-commerciale-affaires-manuel-inspection-verification-listes-verification-tp-13750 |
| 986 | |aTP 13750F |